000 00504nam a2200181Ia 4500
008 090123s9999 xx 000 0 und d
082 _b38337
100 _aसरदेसाई मीना
245 _aपालखी
250 _a1
260 _bमधुश्री प्रकाशन
_c2005
300 _a136
600 _aसरदेसाई मीना
630 _aपालखी
700 _aसरदेसाई मीना
730 _aपालखी
942 _cBOOK
999 _c76402
_d76402